Astrofísica para chic@s con prisa / (Registro nro. 6402)
[ vista simple ]
| 000 -LEADER | |
|---|---|
| fixed length control field | 01698nam a22003377a 4500 |
| 003 - CONTROL NUMBER IDENTIFIER | |
| control field | OSt |
| 005 - DATE AND TIME OF LATEST TRANSACTION | |
| control field | 20200123170420.0 |
| 008 - FIXED-LENGTH DATA ELEMENTS--GENERAL INFORMATION | |
| fixed length control field | 200123s2019 ck ao||jr|||| 00| 0dspa d |
| 020 ## - INTERNATIONAL STANDARD BOOK NUMBER | |
| International Standard Book Number | 9789584282828 |
| 040 ## - CATALOGING SOURCE | |
| Original cataloging agency | CO-JMCR |
| Transcribing agency | CO-JMCR |
| 041 ## - LANGUAGE CODE | |
| Language code of text/sound track or separate title | spa |
| Language code of original | eng |
| 082 ## - DEWEY DECIMAL CLASSIFICATION NUMBER | |
| Edition number | 23 |
| Classification number | 523.01 / |
| Item number | D321a |
| 100 1# - MAIN ENTRY--PERSONAL NAME | |
| Personal name | Degrasse Tyson, Neil, |
| Relator term | autor |
| 9 (RLIN) | 43 |
| 245 10 - TITLE STATEMENT | |
| Title | Astrofísica para chic@s con prisa / |
| Statement of responsibility, etc. | Neil Degrasse Tyson con Gregory Mone ; traducido por Adriana de la Torre Fernández |
| 246 ## - VARYING FORM OF TITLE | |
| Title proper/short title | Astrofísica para chicos con prisa |
| 246 ## - VARYING FORM OF TITLE | |
| Title proper/short title | Astrofísica para chicas con prisa |
| 250 ## - EDITION STATEMENT | |
| Edition statement | Primera edición |
| 260 ## - PUBLICATION, DISTRIBUTION, ETC. | |
| Place of publication, distribution, etc. | Bogotá : |
| Name of publisher, distributor, etc. | Paidós, |
| Date of publication, distribution, etc. | 2019 |
| 300 ## - PHYSICAL DESCRIPTION | |
| Extent | 188 páginas : |
| Other physical details | ilustraciones, fotografías a color ; |
| Dimensions | 23 cm. |
| 500 ## - GENERAL NOTE | |
| General note | Incluye datos biográficos de los autores en solapa anterior |
| 500 ## - GENERAL NOTE | |
| General note | Título original: Astrophysics for young people in a hurry |
| 505 ## - FORMATTED CONTENTS NOTE | |
| Formatted contents note | Sacar a los perros a pasear para que vean las estrellas -- La historia más grande jamás contada -- Cómo comunicarse con extraterrestres -- ¡Hágase la luz! -- Entre galaxias -- Materia oscura -- Energía oscura -- Mis elementos favoritos -- Por qué el mundo es redondo -- El universo invisible -- Alrededor de nuestro vecindario solar -- Cómo vería un extraterrestre la Tierra -- Ver hacia arriba, pensar en grande |
| 546 ## - LANGUAGE NOTE | |
| Language note | Traducido del inglés |
| 650 14 - SUBJECT ADDED ENTRY--TOPICAL TERM | |
| Topical term or geographic name entry element | Astrofísica |
| General subdivision | Literatura juvenil |
| 9 (RLIN) | 44 |
| 650 24 - SUBJECT ADDED ENTRY--TOPICAL TERM | |
| Topical term or geographic name entry element | Cosmología |
| General subdivision | Literatura juvenil |
| 9 (RLIN) | 45 |
| 650 24 - SUBJECT ADDED ENTRY--TOPICAL TERM | |
| Topical term or geographic name entry element | Cosmogonía |
| General subdivision | Literatura juvenil |
| 9 (RLIN) | 46 |
| 650 24 - SUBJECT ADDED ENTRY--TOPICAL TERM | |
| Topical term or geographic name entry element | Espacio y tiempo |
| General subdivision | Literatura juvenil |
| 9 (RLIN) | 47 |
| 700 1# - ADDED ENTRY--PERSONAL NAME | |
| Personal name | Mone, Gregory, |
| Relator term | autor |
| 9 (RLIN) | 48 |
| 700 1# - ADDED ENTRY--PERSONAL NAME | |
| Personal name | Torre Fernández, Adriana de la, |
| Relator term | traductor |
| 9 (RLIN) | 49 |
| 942 ## - ADDED ENTRY ELEMENTS (KOHA) | |
| Source of classification or shelving scheme | Dewey Decimal Classification |
| Koha item type | Books |
| Withdrawn status | Lost status | Source of classification or shelving scheme | Damaged status | Not for loan | Collection code | Home library | Current library | Date acquired | Source of acquisition | Total Checkouts | Total Renewals | Full call number | Barcode | Date last seen | Date last checked out | Copy number | Price effective from | Koha item type |
|---|---|---|---|---|---|---|---|---|---|---|---|---|---|---|---|---|---|---|
| Dewey Decimal Classification | Non-fiction | Biblioteca Pública José María del Castillo y Rada | Biblioteca Pública José María del Castillo y Rada | 01/23/2020 | Donación | 8 | 5 | 523.01 / D321a | 201809665 | 03/25/2026 | 03/10/2026 | Ej.1 | 01/23/2020 | Books |